Zhodnotenie súčasného systému vedenia jednoduchého účtovníctva neziskových účtovných jednotiek a jeho osobitostí diplomová práca

Saved in:
Bibliographic Details
Main Author: Pikuliaková, Monika
Corporate Author: Fakulta hospodárskej informatiky EU. Katedra účtovníctva a audítorstva
Other Authors: Kordošová, Alena, 1970-
Format: Book
Language:Slovak
Published: Bratislava 2011
Tags: Add Tag
No Tags, Be the first to tag this record!

MARC

LEADER 00000nbm a2200000 4500
001 0140604
005 20161109101937.1
041 0 |a slo 
044 |a SK 
245 1 0 |a Zhodnotenie súčasného systému vedenia jednoduchého účtovníctva neziskových účtovných jednotiek a jeho osobitostí  |b diplomová práca  |c Monika Pikuliaková ; školiteľ: Alena Kordošová 
264 1 |a Bratislava  |c 2011 
300 |a 75 s. 
100 1 |a Pikuliaková, Monika 
700 1 |a Kordošová, Alena, 1970- 
710 2 |a Fakulta hospodárskej informatiky EU. Katedra účtovníctva a audítorstva